000 00693nam a22002177a 4500
003 BUBTL
008 200902b xxu||||| |||| 00| 0 eng d
020 _a0070434360
082 _a657/ M4761f/ 1998
100 _aMeigs, Robert F.
_9200
245 _aFinancial Accounting :
_bRobert F. Meigs, Mary A. Meigs and Mark Bettner and Ray Whittington
250 _a9th
260 _aBoston
_bMcGraw Hill
_cc1998
300 _a[xix], 707p . :
_bill. ; 28cm.
500 _aIncludes Index
650 _aAccounting
_93413
700 _aRobert F. Meigs, Mary A. Meigs and Mark Bettner and Ray Whittington
_93414
856 _k0
_l0
_yDownload
942 _2ddc
_cBK
999 _c6349
_d6349